| 000 | 00443nam a22001697a 4500 | ||
|---|---|---|---|
| 003 | OSt | ||
| 005 | 20180116182957.0 | ||
| 008 | 140530b xxu||||| |||| 00| 0 eng d | ||
| 040 | _c0 | ||
| 082 | _a658.4038011 | ||
| 100 |
_4Tusban,Efraim _aTusban,Efraim. |
||
| 245 |
_aInformation Technology for Management. _cEfraim Tusban |
||
| 260 |
_aNew York _bperson _c2008 |
||
| 300 | _a740p. | ||
| 500 | _apaper cover | ||
| 942 |
_2ddc _cBK _k658.4038011 |
||
| 999 |
_c349699 _d349699 |
||